000 00352nam a2200157Ia 4500
003 Ost
005 20260225132556.0
008 260225s9999||||xx |||||||||||||| ||und||
040 _cfsic
041 _afre
082 _a440
100 _aVictor Bachy
_eAuteur
245 0 _aLe Cinéma en coté d'ivoire /
245 0 _cVictor Bachy
942 _cكتاب
999 _c34440
_d34440